| 000 | 00522cam a2200217 4500 | ||
|---|---|---|---|
| 008 | 090401t1999 xxu||||| |||| 00| 0 eng d | ||
| 020 | _a0853085609 | ||
| 035 | _a(Sirsi) u99891 | ||
| 041 | _aENG | ||
| 050 | _a336.271 | ||
| 100 | _aSlater, Brian | ||
| 245 | _aVAT on property transactions. | ||
| 250 | _a2nd | ||
| 260 |
_aBristol _bJordan Publishing Limited _c1999 |
||
| 300 | _axxi, 206p. ; 24cm. | ||
| 350 | _a34.00 | ||
| 650 | _aVALUE ADDED TAX | ||
| 690 | _aTAXATION | ||
| 942 | _n0 | ||
| 948 | _c12/05/1999 | ||
| 999 |
_c99513 _d99513 |
||